Chemistry for the engineering and applied sciences / (Record no. 16)
[ view plain ]
| 000 -LEADER | |
|---|---|
| fixed length control field | 01295nac a22003011i 4500 |
| 003 - CONTROL NUMBER IDENTIFIER | |
| control field | EG-ScBUE |
| 005 - DATE AND TIME OF LATEST TRANSACTION | |
| control field | 20250707090607.0 |
| 008 - FIXED-LENGTH DATA ELEMENTS--GENERAL INFORMATION | |
| fixed length control field | 130602s1980 enka f 001 0 eng d |
| 020 ## - INTERNATIONAL STANDARD BOOK NUMBER | |
| International Standard Book Number | 0080228526 |
| 040 ## - CATALOGING SOURCE | |
| Original cataloging agency | EG-ScBUE |
| Language of cataloging | eng |
| Description conventions | rda |
| Transcribing agency | EG-ScBUE |
| Modifying agency | EG-ScBUE |
| 082 04 - DEWEY DECIMAL CLASSIFICATION NUMBER | |
| Classification number | 540 |
| Item number | STE |
| Edition number | 22 |
| 100 1# - MAIN ENTRY--PERSONAL NAME | |
| Personal name | Steedman, W., |
| 9 (RLIN) | 19734 |
| Relator term | author. |
| 245 10 - TITLE STATEMENT | |
| Title | Chemistry for the engineering and applied sciences / |
| Statement of responsibility, etc | by W. Steedman, B.Sc., Ph.D., C.Chem., MRIC., Senior Lecturer, Heriot-Watt University, Edinburgh, R. B. Snadden, B.Sc., Ph.D., C.Chem., MRIC., Lecturer, Heriot-Woatt University, Edinburgh, I. H. Anderson, B.Sc., Ph.D., C.Chem., FRIC, senior education officer, Scottish Council for Technical Education (SCOTEC) |
| 250 ## - EDITION STATEMENT | |
| Edition statement | Second edition, (SI units) |
| 264 #1 - PUBLICATION, DISTRIBUTION, ETC. (IMPRINT) | |
| Place of publication, distribution, etc | Oxford : |
| Name of publisher, distributor, etc | Pergamon press, |
| Date of publication, distribution, etc | 1980. |
| 300 ## - PHYSICAL DESCRIPTION | |
| Extent | vii, 449 pages : |
| Other physical details | illustrations ; |
| Dimensions | 22 cm |
| 336 ## - CONTENT TYPE | |
| Source | rdacontent |
| Content type term | text |
| Content type code | txt |
| 337 ## - MEDIA TYPE | |
| Media type term | unmediated |
| Source | rdamedia |
| Media type code | n |
| 338 ## - CARRIER TYPE | |
| Carrier type term | volume |
| Carrier type code | nc |
| Source | rdacarrier |
| 500 ## - GENERAL NOTE | |
| General note | Second edition of: chemistry for the applied sciences. |
| 500 ## - GENERAL NOTE | |
| General note | Includes index.<br/> |
| 500 ## - GENERAL NOTE | |
| General note | Includes appendix.<br/> |
| 650 #7 - SUBJECT ADDED ENTRY--TOPICAL TERM | |
| Topical term or geographic name as entry element | Chemistry. |
| 9 (RLIN) | 33309 |
| Source of heading or term | BUEsh |
| 655 ## - INDEX TERM--GENRE/FORM | |
| Form subdivision | Reading book |
| 700 1# - ADDED ENTRY--PERSONAL NAME | |
| Personal name | Snadden, R. B., |
| Relator term | author. |
| 700 1# - ADDED ENTRY--PERSONAL NAME | |
| Personal name | Anderson, I. H. |
| Fuller form of name | (Iain Howe), |
| Dates associated with a name | 1937- |
| Relator term | author. |
| 942 ## - ADDED ENTRY ELEMENTS (KOHA) | |
| Koha item type | Book - Borrowing |
| Source of classification or shelving scheme | Dewey Decimal Classification |
| Withdrawn status | Lost status | Source of classification or shelving scheme | Damaged status | Not for loan | Collection code | Home library | Current library | Shelving location | Date acquired | Source of acquisition | Cost, normal purchase price | Total Checkouts | Full call number | Barcode | Date last seen | Cost, replacement price | Koha item type | Materials specified (bound volume or other part) | Date checked out | Total Renewals |
|---|---|---|---|---|---|---|---|---|---|---|---|---|---|---|---|---|---|---|---|---|
| Dewey Decimal Classification | Baccah | Central Library | Central Library | First floor | 08/11/2005 | Purchase | 43.75 | 4 | 540 STE | 000004914 | 15/07/2025 | 50.75 | Book - Borrowing | |||||||
| Dewey Decimal Classification | Damaged | Baccah | Central Library | Central Library | First floor | 08/11/2005 | Purchase | 43.75 | 5 | 540 STE | 000004912 | 15/07/2025 | 50.75 | Book - Borrowing | BOX02 | 09/07/2025 | ||||
| Dewey Decimal Classification | Baccah | Central Library | Central Library | First floor | 08/11/2005 | Purchase | 43.75 | 2 | 540 STE | 000004915 | 15/07/2025 | 50.75 | Book - Borrowing | |||||||
| Dewey Decimal Classification | Baccah | Central Library | Central Library | First floor | 08/11/2005 | Purchase | 43.75 | 4 | 540 STE | 000004916 | 15/07/2025 | 50.75 | Book - Borrowing | 22/04/2015 | ||||||
| Dewey Decimal Classification | Baccah | Central Library | Central Library | First floor | 08/11/2005 | Purchase | 43.75 | 4 | 540 STE | 000004918 | 15/07/2025 | 50.75 | Book - Borrowing | 15/02/2021 | ||||||
| Dewey Decimal Classification | Baccah | Central Library | Central Library | First floor | 22/09/2010 | Purchase | 43.75 | 1 | 540 STE | 000004919 | 15/07/2025 | 50.75 | Book - Borrowing | 08/10/2016 | ||||||
| Dewey Decimal Classification | Baccah | Central Library | Central Library | First floor | 08/11/2005 | Purchase | 43.75 | 5 | 540 STE | 000004917 | 15/07/2025 | 50.75 | Book - Borrowing | 12/10/2008 | ||||||
| Dewey Decimal Classification | Damaged | Baccah | Central Library | Central Library | First floor | 05/11/2013 | Purchase | 43.75 | 2 | 540 STE | 000004920 | 15/07/2025 | 50.75 | Book - Borrowing | BOX02 | |||||
| Dewey Decimal Classification | Baccah | Central Library | Central Library | First floor | 05/11/2013 | Purchase | 43.75 | 2 | 540 STE | 000004913 | 15/07/2025 | 50.75 | Book - Borrowing | 24/04/2019 | 4 |